000 00476nmm a2200145Ia 4500
008 251105s9999||||xx |||||||||||||||||und||
041 _aspa
100 _aÍñigo Fernández, Luis E.
245 0 _aBreve historia de la Batalla de Trafalgar
264 _a[Madrid, España] :
_bEdiciones Nowtilus,
_c[Fecha de publicación no identificada]
300 _a336 páginas
650 _aHistory of Europe
856 _uhttps://public.digitaliapublishing.com/a/84673
942 _cCF
999 _c103690
_d103690